000 00784nam a2200241 4500
003 OSt
005 20240604075222.0
006 az
008 240604b |||||||| |||| 00| 0 eng d
020 _a9710870939
040 _aDWCL-Main lib.
_cOC
082 _2Revised edition
_aFil. 346.07 L961L 2010
100 _aLuna, Miguela Ancheta
245 _aThe law on obligations and contracts /
250 _aRevised edition
260 _aMandaluyong City, Phils. :
_bNational Book Store,
_c c2010.
300 _b244 pages : illustrations ;
_c23 cm.
504 _aIncludes index.
650 _a1. Obligations (Law)–Philippines.2. Contracts–Philippines
650 _a2. Contracts–Philippines.
700 _aMiguela Ancheta Luna
942 _2ddc
_n0
_cBK - FIL
_eRevised edition
_kFil.
999 _c141
_d141